| 000 | 00634nam a22001937a 4500 | ||
|---|---|---|---|
| 005 | 20251108164704.0 | ||
| 008 | 250721s1978 xx 000 0 ara d | ||
| 082 | 1 | 4 | _a811.909563/يوس |
| 100 | 1 | _aالصائغ، يوسف | |
| 245 | 1 | 0 |
_aالشعر الحر في العراق منذ نشأته حتى عام 1958 : _bدراسة نقدية / |
| 264 | 1 |
_aبغداد : _bمطبعة الأديب البغدادية، _c1978. |
|
| 300 | _a292ص | ||
| 650 | 1 | 7 | _aالشعر العربي |
| 650 | 1 | 7 | _aالتاريخ الأدبي |
| 650 | 1 | 7 | _aالنقد الأدبي |
| 650 | 1 | 7 | _aالعراق |
| 942 |
_2ddc _cBK |
||
| 999 |
_c11883 _d11883 |
||